000 01198nam a22002897a 4500
005 20150324165915.0
008 140530s2012 ck ab gr 00010 spa d
020 _a9789585773714
040 _aCO-BoBLA
_cCO-BoBLA
_dCo-BoIAVH
041 _aspa
044 _ack
082 0 4 _a918.6151
_bP15s
100 1 _aPalacios Mosquera, Omar,
_d1945-
_933657
245 1 0 _aSemblanzas de Quibdó :
_bla alegre villa de Asís /
260 _aMedellín :
_bInstituto de Investigaciones Ambientales del Pacífico,
_c2012.
300 _a179 p. :
_bil., mapas ;
_c23 cm.
504 _aIncluye referencias bibliográficas (p. 179)
650 4 _aEconomía
_x Historia
_z Quibdó (Chocó, Colombia)
_933658
650 4 _aCultura
_z Quibdó (Chocó, Colombia)
_933659
650 4 _aAdministración municipal
_z Quibdó (Chocó, Colombia)
_933660
650 4 _aPersonajes
_z Quibdó (Chocó, Colombia)
_v Biografías.
_933661
650 4 _aTransporte
_x Historia
_z Quibdó (Chocó, Colombia)
_933662
651 4 _a Quibdó (Chocó, Colombia)
_x Historia.
_933663
651 4 _a Quibdó (Chocó, Colombia)
_x Descripción.
_933664
856 _uhttp://iiap.org.co/revistas/SemblanzasDeQuibdo.pdf
942 _2ddc
_cLIBRO
999 _c9013
_d9013